000 00342nam a2200145Ia 4500
008 230718s9999 xx 000 0 und d
041 _aEng.
082 _a340
_bFIZ-S
100 _aFizgerald. A.M P. J
245 0 _aSalmond on Jucis fordre
260 _aPakistan
_bIntan tawi kallio
_c2000
300 _a461
650 _aLaw
999 _c29061
_d29061